LEADER 00979nas a2200193 i 4500 001 000000188457 003 CaOOAMICUS 005 20151023000000.0 008 151023s1972 it uu u0 0ita r 013 $a166641 040 $aSeMil$bita 245 10$aCelebrazioni del centenario della nascita del Servo di Dio don Luigi Orione :$bAtti del convegno. Tortona, 2 giorni per il clero 17-18 aprile 1972. 300 $aP. 97-152 ;$c24 cm. 500 $aManca il front. - In copertina : Rivista diocesana di Tortona, Anno 59. n. 4 - Maggio-Giugno 1972. 600 14$aOrione, Luigi .$0(OLS)http://semarc/subject/1661 850 $aSeMil 852 $aSeMil$W1$xVenegono$y1$m3GC VIII 218/2$j139103$B139103$CSeMilBibl$Z2$F150690 $8B 961 $aLascito: Colombo Card. Giovanni 996 $6245$aCelebrazioni del centenario della nascita del Servo di Dio don Luigi Orione :$bAtti del convegno. Tortona, 2 giorni per il clero 17-18 aprile 1972$9(OLS)http://semarc/title/271224 LEADER 01023nam a2200277 i 4500 001 000000086641 003 CaOOAMICUS 005 20250926121730.0 008 180830s1970 xx u000 u und u 013 $a58881 040 $aSeMil$bita 100 0 $aInnocentius III,$c.$0(OLS)http://semarc/name/26064 240 10$aDe contemptu mundi sive de miseria humanae conditionis.$0(OLS)http://semarc/title/455892 245 10$aDe contemptu mundi. 260 $aSiena :$bCantagalli,$c1970. 300 $a139 p. 650 4$aAscetica - Testi.$0(OLS)http://semarc/subject/1695 850 $aSeMil 852 $aSeMil$W1$xVenegono$y1$m74 1 212 *$j50295$B50295$CSeMilBibl$Z2$F54240 $81 900 1 $aLotario : di Segni,$d<1160-1216>. 900 0 $aInnocenzo III$c. 996 $6245$aDe contemptu mundi$9(OLS)http://semarc/title/49138 996 $6260$aSiena :$bCantagalli$9(OLS)http://semarc/publisher/29767